000
nam a22 7a 4500
999
_c
233502
_d
233502
003
Nust
005
20170308121944.0
008
170308b xxu||||| |||| 00| 0 eng d
040
_c
DLC
082
_a
333.794 SCH
100
_a
Schnepf,Randy
245
_a
Renewable Fuel Standard (RFS) : Overview and Issues
942
_2
ddc
_c
BK